000 01459nam a22003377a 4500
003 EG-GICUC
005 20260121101528.0
008 251220s2003 ua |||fr|||| 000 0 ara d
017 _a2003/19352
040 _a EG-GICUC
_bara
_c EG-GICUC
_d EG-GICUC
_erda
041 0 _aara
082 0 4 _221
_a345.31
_bم ح . ض
092 0 4 _221
099 _aLaw1 07 345.31 م ح . ض 2005
100 0 _aالقحطاني، محمد عبيد الحساوي
_eمؤلف.
245 1 2 _aالضبط الإداري في دولة الإمارات العربية المتحدة :
_bفي دولة الإمارات العربية المتحدة /
_cالمقدم دكتور محمد عبيد الحساوي القحطاني.
264 3 _aالقاهرة :
_bدار أبو المجد،
_c2005.
300 _a518 ؛صفحة
_c24 سم.
_bإيضاحيات، صور، مثيليات ؛
336 _2rda content
_atext
337 _2rda media
_aComputer
338 _2rda carrier
_aOnline Resource
504 _aيشتمل على إرجاعات ببليوجرافية.
504 _a581 -555 ببليوجرافيا: صفحات.
546 _aالنص أغلبه باللغة العربية مع بعض النصوص الفرنسية
650 1 4 _aالضبط الإداري
_2qrmak
650 1 4 _aالقانون الإداري
_2qrmak
651 1 _2qrmak
856 4 0 _uhttps://fll.law.cu.edu.eg/fulltext/bks/B07-00859.pdf
905 _a32
_eYara
942 _2ddc
_cBK
_e21
_n0
999 _c51927
_d51927